Score 0/16 Timer 03:00
0 Plays Today
Question Answer Wrong Answers
Gillian Anderson The Simpsons
60%
Friends
10.8%
Both
9.2%
Neither
13.8%
Bruce Willis Friends
58.5%
The Simpsons
4.6%
Both
23.1%
Neither
4.6%
Lucy Lawless The Simpsons
58.5%
Friends
12.3%
Both
9.2%
Neither
12.3%
Danny DeVito Both
49.2%
The Simpsons
15.4%
Friends
20%
Neither
4.6%
Jean-Claude Van Damme Friends
49.2%
The Simpsons
13.8%
Both
16.9%
Neither
10.8%
Jon Lovitz Both
47.7%
The Simpsons
12.3%
Friends
12.3%
Neither
15.4%
Jack Black The Simpsons
47.7%
Friends
6.2%
Both
16.9%
Neither
16.9%
Julia Roberts Friends
47.7%
The Simpsons
6.2%
Both
20%
Neither
16.9%
Robert De Niro Neither
44.6%
The Simpsons
26.2%
Friends
13.8%
Both
4.6%
Seth Rogen The Simpsons
44.6%
Friends
7.7%
Both
16.9%
Neither
23.1%
Hugh Laurie Both
35.4%
The Simpsons
33.8%
Friends
12.3%
Neither
9.2%
Reese Witherspoon Both
35.4%
The Simpsons
12.3%
Friends
30.8%
Neither
13.8%
Paul Rudd Both
33.8%
The Simpsons
13.8%
Friends
35.4%
Neither
9.2%
Quentin Tarantino Neither
32.3%
The Simpsons
24.6%
Friends
15.4%
Both
16.9%
Billy Crystal Friends
32.3%
The Simpsons
16.9%
Both
23.1%
Neither
13.8%
Cameron Diaz Neither
27.7%
The Simpsons
26.2%
Friends
23.1%
Both
12.3%
Remove Ads.
Support Sporcle.
Get the best of Sporcle when you Go Orange. This ad-free experience offers more features, more stats, and more fun while also helping to support Sporcle. Thank you for becoming a member.

You're not logged in!

Compare scores with friends on all Sporcle quizzes.
OR
Log In

Sporcle TV

Today on Sporcle TV


Watch our educational content, quiz creation guides, and fun videos on Sporcle TV.

Show Comments

Extras

Top Quizzes Today


Score Distribution

Paid Content

Your Account Isn't Verified!

In order to create a playlist on Sporcle, you need to verify the email address you used during registration. Go to your Sporcle Settings to finish the process.

Report this User

Report this user for behavior that violates our Community Guidelines.

Details: